Qila Jangi (Record no. 327162)
[ view plain ]
| 000 -LEADER | |
|---|---|
| fixed length control field | 00318 a2200133 4500 |
| 001 - CONTROL NUMBER | |
| control field | 92089 |
| 082 ## - DEWEY DECIMAL CLASSIFICATION NUMBER | |
| Classification number | 891.4393 TAR |
| 090 ## - LOCALLY ASSIGNED LC-TYPE CALL NUMBER (OCLC); LOCAL CALL NUMBER (RLIN) | |
| -- | 44049 |
| -- | 44048 |
| 100 ## - MAIN ENTRY--PERSONAL NAME | |
| Personal name | Mustansar Hussain Tarar |
| 245 ## - TITLE STATEMENT | |
| Title | Qila Jangi |
| 260 ## - PUBLICATION, DISTRIBUTION, ETC. | |
| Place of publication, distribution, etc. | Lahore |
| Name of publisher, distributor, etc. | Sang e Meel Publications |
| Date of publication, distribution, etc. | 2008 |
| 300 ## - PHYSICAL DESCRIPTION | |
| Extent | 216p. |
| Other physical details | Hb |
| 500 ## - GENERAL NOTE | |
| General note | General Book |
| 942 ## - ADDED ENTRY ELEMENTS (KOHA) | |
| Institution code [OBSOLETE] | CAE NUST |
| Call number prefix | 891.4393 TAR |
| Withdrawn status | Lost status | Damaged status | Not for loan | Collection code | Permanent Location | Current Location | Date acquired | Total Checkouts | Full call number | Barcode | Date last seen | Price effective from | Koha item type |
|---|---|---|---|---|---|---|---|---|---|---|---|---|---|
| College of Aeronautical Engineering (CAE) | College of Aeronautical Engineering (CAE) | 04/03/2017 | 891.4393 TAR | CAE88485 | 04/05/2017 | 04/05/2017 | Book |
